Statistiken für Länder mit Hinweisen #5

Klicken Sie hier um das Quiz zu spielen!

Allgemein

  • Dieses Quiz wurde 116 mal gespielt
  • Das Durchschnittsergebnis liegt bei 10 aus 20

Antwortstatistiken

Hinweise Land % Korrekt
Tapas, Flamenco, SiestaSpanien
95%
Petersdom, Schweizergarde, KonklaveVatikanstadt
91%
Zaire, Bonobos, DiamantminenD.R. Kongo
77%
Al Jazeera, Fußball-WM 2022, 80% ExpatriatesKatar
70%
Erste Fußball-WM, Río de la Plata, AsadoUruguay
64%
Khmer, Angkor, KoupreyKambodscha
62%
Tesla, Balkan, Novak DjokovicSerbien
59%
Straße von Malakka, Batu-Höhlen, Petronas TowersMalaysia
58%
Kaukasus, Batumi, Chwantschkara-WeinGeorgien
51%
Rhodesien, Victoriafälle, Shona (Sprache)Simbabwe
49%
Herkunftsland der Menschen, Abessinien, Bundeslade?Äthiopien
47%
Indochina, Aung San Suu Kyi, Irrawaddy-FlussBirma
47%
Top-Level-Domain .dz, Berber, MaghrebAlgerien
43%
Schardscha, Indoor-Skipiste, Ferrari WorldVereinigte Arabische Emirate
41%
Maya, Volcán de Fuego, QuetzalGuatemala
35%
Kofi Annan, Goldküste, FufuGhana
35%
Süßwasserhaie, Daniel Ortega, MesoamerikaNicaragua
35%
Winzige Insel, Phosphatvorkommen, Reichstes Land der Welt in den späten 1960ernNauru
28%
Chers Abstammung, Hauptstadt 782 v. Chr. gegründet, Nachnamen enden auf "ian"Armenien
21%
Juche, Massenspiele, EinsiedlerkönigreichNordkorea
17%

Verteilung der Resultate

Perzentil nach korrekt beantworteten Fragen

Anzahl Personen mit jedem Resultat

Ihre Resultats-Entwicklung

Sie haben dieses Quiz noch nicht gespielt